000 00530nam a2200205Ia 4500
005 20260429112250.0
008 260429s9999||||xx |||||||||||||| ||und||
020 _a9781032532417
041 _aEnglish
082 _a940.27
_bPOP
100 _aPopkin, Jeremy D.
245 0 _aShort history of the French revolution /
_cJeremy D. Popkin
250 _a8th ed.
260 _aNew York :
_bRoutledge,
_c2024.
300 _axiii, 178 p.; pbk
650 _a French
650 _a History
650 _aRevolution
942 _cTB
999 _c53204
_d53204